Список главных тренеров сборной России по футболу - Statistics

General Stats
  • This quiz has been taken 82 times
  • The average score is 10 of 14
Answer Stats
Годы Главный тренер % Correct
2016 - 2021 Станислав Черчесов
98%
2021 - н.в. Валерий Карпин
95%
2006 - 2010 Гус Хиддинк
90%
1994 - 1996 Олег Романцев
88%
1998 - 2002 Олег Романцев
88%
2015 - 2016 Леонид Слуцкий
83%
2010 - 2012 Дик Адвокат
80%
2012 - 2015 Фабио Капелло
80%
2002 - 2003 Валерий Газзаев
71%
2005 - 2006 Юрий Сёмин
63%
2003 - 2005 Георгий Ярцев
61%
1998 Анатолий Бышовец
46%
1992 - 1994 Павел Садырин
37%
1996 - 1998 Борис Игнатьев
20%
No matching quizzes found
Score Distribution
Percent of People with Each Score
Percentile by Number Answered
Your Score History
You have not taken this quiz